| 000 | 01217nam a2200253Ia 4500 | ||
|---|---|---|---|
| 003 | Ost | ||
| 005 | 20260507075651.0 | ||
| 008 | 260507s9999||||xx |||||||||||||| ||und|| | ||
| 020 | _a2132603977 | ||
| 040 | _cfsecg | ||
| 041 | _aara | ||
| 082 | _a343.069 | ||
| 100 |
_aالمنشاوي، عبد الحميد _eمؤلف |
||
| 245 | 0 |
_aقانون التجارة البحرية في ضوء الفقه والقضاء / _c عبد الحميد المنشاوي |
|
| 260 |
_aالإسكندرية: _bمنشأة المعارف, _c2005 |
||
| 300 |
_a452 صفحة؛ _bإيضاحات ؛ _c24 سم |
||
| 504 | _aالمراجع 452 ص. | ||
| 520 | _aقانون التجارة البحرية- الاحكام العامة- الحقوق العينية على السفينة- الحجز على السفينة- في أشخاص الملاحة البحرية- الوكلاء البحريون والمقاولون البحريون- عقد النقل البحري- أحكام خاصة ببعض أنواع التأمين البحري. | ||
| 653 | _aالتجارة البحرية | ||
| 653 | _aالقانون البحري | ||
| 653 | _aالقانون الجنائي | ||
| 653 | _aقانون التجارة | ||
| 942 | _cكتاب | ||
| 999 |
_c45591 _d45591 |
||